Statistics for Melbourne metropolitan train stations

Click here to take the quiz!

General Stats

  • This quiz has been taken 1,593 times
  • The average score is 116 of 222

Answers on the Map

Answers color-coded by a green-red scale on the quiz's map according to % correct below.
 

Answer Stats

Station% Correct
City LoopFlinders Street
92%
City LoopSouthern Cross
92%
JunctionRichmond
91%
City LoopMelbourne Central
89%
City LoopParliament
89%
City LoopFlagstaff
87%
FrankstonFrankston
86%
LilydaleLilydale
81%
JunctionNorth Melbourne
81%
JunctionSouth Yarra
79%
BelgraveBelgrave
78%
JunctionEast Richmond
78%
JunctionFootscray
78%
PakenhamPakenham
78%
CranbourneCranbourne
77%
SandringhamSandringham
76%
WerribeeWerribee
76%
WilliamstownWilliamstown
76%
AlameinAlamein
75%
MerndaMernda
75%
Glen WaverleyGlen Waverley
74%
Belgrave and LilydaleBox Hill
73%
Alamein, Belgrave and LilydaleHawthorn
72%
Mernda and HurstbridgeJolimont
72%
Alamein, Belgrave and LilydaleCamberwell
71%
Frankston, Pakenham and CranbourneCaulfield
71%
Mernda and HurstbridgeCollingwood
70%
HurstbridgeHurstbridge
70%
WerribeeAltona
69%
JunctionBurnley
69%
Pakenham and CranbourneDandenong
69%
Belgrave and LilydaleRingwood
69%
Frankston, Pakenham and CranbourneToorak
69%
Mernda and HurstbridgeClifton Hill
67%
CraigieburnCraigieburn
67%
Mernda and HurstbridgeNorth Richmond
67%
SunburySunshine
67%
Frankston, Pakenham and CranbourneMalvern
65%
SunburySunbury
65%
SandringhamBrighton Beach
64%
UpfieldUpfield
64%
Pakenham and CranbourneClayton
63%
Mernda and HurstbridgeWest Richmond
63%
UpfieldBrunswick
62%
MerndaPreston
62%
MerndaSouth Morang
62%
SandringhamPrahran
61%
Belgrave and LilydaleBlackburn
60%
UpfieldCoburg
60%
HurstbridgeEltham
60%
MerndaEpping
60%
CraigieburnEssendon
60%
Flemington RacecourseFlemington Racecourse
60%
Alamein, Belgrave and LilydaleGlenferrie
60%
CraigieburnKensington
60%
Stony PointStony Point
60%
Pakenham and CranbourneOakleigh
59%
Glen WaverleyMount Waverley
58%
Flemington RacecourseShowgrounds
58%
SunburyWest Footscray
58%
WerribeeHoppers Crossing
57%
Frankston, Pakenham and CranbourneArmadale
56%
MerndaBell
56%
CraigieburnBroadmeadows
56%
BelgraveFerntree Gully
56%
HurstbridgeHeidelberg
56%
SandringhamMiddle Brighton
56%
Werribee and WilliamstownNewport
56%
MerndaNorthcote
56%
Mernda and HurstbridgeVictoria Park
56%
SandringhamWindsor
56%
HurstbridgeGreensborough
55%
MerndaMerri
55%
SandringhamNorth Brighton
55%
Belgrave and LilydaleSurrey Hills
55%
Werribee and WilliamstownYarraville
55%
Alamein, Belgrave and LilydaleAuburn
54%
SandringhamBalaclava
54%
PakenhamOfficer
54%
MerndaReservoir
54%
JunctionSouth Kensington
54%
Pakenham and CranbourneSpringvale
54%
Pakenham and CranbourneCarnegie
53%
FrankstonChelsea
53%
Belgrave and LilydaleEast Camberwell
53%
Glen WaverleyGlen Iris
53%
HurstbridgeIvanhoe
53%
WerribeeLaverton
53%
WilliamstownWilliamstown Beach
53%
AlameinAshburton
52%
Belgrave and LilydaleCanterbury
52%
LilydaleCroydon
52%
SandringhamElsternwick
52%
SandringhamHampton
52%
Frankston, Pakenham and CranbourneHawksburn
52%
Pakenham and CranbourneHuntingdale
52%
Glen WaverleyKooyong
52%
Belgrave and LilydaleMont Albert
52%
FrankstonMordialloc
52%
Werribee and WilliamstownSpotswood
52%
MerndaThomastown
52%
BelgraveUpper Ferntree Gully
52%
AlameinBurwood
51%
HurstbridgeDiamond Creek
51%
Glen WaverleyEast Malvern
51%
Belgrave and LilydaleNunawading
51%
SunburySt Albans
51%
MerndaThornbury
51%
SunburyWatergardens
51%
FrankstonBentleigh
50%
SunburyMiddle Footscray
50%
CraigieburnMoonee Ponds
50%
Pakenham and CranbourneNoble Park
50%
FrankstonSeaford
50%
FrankstonCarrum
49%
FrankstonCheltenham
49%
FrankstonGlenhuntly
49%
Pakenham and CranbourneMurrumbeena
49%
HurstbridgeRosanna
49%
UpfieldRoyal Park
49%
WerribeeWilliams Landing
49%
CraigieburnAscot Vale
48%
BelgraveBayswater
48%
PakenhamBerwick
48%
HurstbridgeFairfield
48%
UpfieldFawkner
48%
UpfieldFlemington Bridge
48%
Pakenham and CranbourneHughesdale
48%
WilliamstownNorth Williamstown
48%
SandringhamRipponlea
48%
Werribee and WilliamstownSeddon
48%
Glen WaverleySyndal
48%
SunburyTottenham
48%
BelgraveUpwey
48%
HurstbridgeAlphington
47%
BelgraveBoronia
47%
HurstbridgeDennis
47%
Belgrave and LilydaleMitcham
47%
FrankstonMoorabbin
47%
PakenhamNarre Warren
47%
FrankstonOrmond
47%
BelgraveTecoma
47%
WerribeeAircraft
46%
FrankstonBonbeach
46%
FrankstonEdithvale
46%
SandringhamGardenvale
46%
CraigieburnJacana
46%
UpfieldJewell
46%
Belgrave and LilydaleLaburnum
46%
MerndaLalor
46%
FrankstonMentone
46%
LilydaleRingwood East
46%
FrankstonSouthland
46%
FrankstonAspendale
45%
MerndaCroxton
44%
Glen WaverleyHeyington
44%
CraigieburnNewmarket
44%
CraigieburnPascoe Vale
44%
HurstbridgeWatsonia
44%
Pakenham and CranbourneWestall
44%
WerribeeWestona
44%
SunburyAlbion
43%
UpfieldBatman
43%
PakenhamBeaconsfield
43%
SunburyDiggers Rest
43%
HurstbridgeEaglemont
43%
LilydaleMooroolbark
43%
PakenhamHallam
42%
Glen WaverleyJordanville
42%
HurstbridgeMacleod
42%
FrankstonMcKinnon
42%
UpfieldMoreland
42%
CraigieburnRoxburgh Park
42%
MerndaRushall
42%
WerribeeSeaholme
42%
HurstbridgeWattle Glen
42%
Belgrave and LilydaleChatham
41%
CraigieburnGlenroy
41%
Belgrave and LilydaleHeatherdale
41%
HurstbridgeMontmorency
41%
AlameinRiversdale
41%
HurstbridgeWestgarth
41%
UpfieldAnstey
40%
PakenhamCardinia Road
40%
Glen WaverleyDarling
40%
Glen WaverleyGardiner
40%
BelgraveHeathmont
40%
Glen WaverleyHolmesglen
40%
FrankstonKananook
40%
HurstbridgeDarebin
39%
CranbourneLynbrook
39%
UpfieldMacaulay
39%
MerndaMiddle Gorge
39%
FrankstonParkdale
39%
Pakenham and CranbourneSandown Park
39%
CranbourneMerinda Park
38%
FrankstonPatterson
38%
Glen WaverleyTooronga
38%
Pakenham and CranbourneYarraman
38%
Stony PointBaxter
37%
CraigieburnCoolaroo
37%
AlameinHartwell
37%
CraigieburnOak Park
37%
CraigieburnStrathmore
37%
Stony PointCrib Point
36%
UpfieldGowrie
36%
Stony PointHastings
36%
FrankstonHighett
36%
MerndaKeon Park
36%
MerndaRegent
36%
AlameinWillison
35%
SunburyGinifer
34%
CraigieburnGlenbervie
34%
MerndaHawkstowe
34%
SunburyKeilor Plains
34%
MerndaRuthven
34%
UpfieldMerlynston
32%
Stony PointTyabb
29%
Stony PointLeawarra
28%
Stony PointSomerville
28%
Stony PointBittern
27%
Stony PointMorradoo
23%

Score Distribution

Percentile by Number Answered

Percent of People with Each Score

Your Score History

You have not taken this quiz